Estudio sobre prácticas de evaluación de docentes universitarios del área contable (Registro nro. 17834)
[ vista simple ]
| 000 -LEADER | |
|---|---|
| fixed length control field | 00580 a2200169 4500 |
| 001 - CONTROL NUMBER | |
| control field | ART_46020 |
| 005 - DATE AND TIME OF LATEST TRANSACTION | |
| control field | 20260410161731.0 |
| 008 - FIXED-LENGTH DATA ELEMENTS--GENERAL INFORMATION | |
| fixed length control field | 260409a |
| 100 1# - MAIN ENTRY--PERSONAL NAME | |
| Personal name | Larramendy, Elsa |
| 245 10 - TITLE STATEMENT | |
| Title | Estudio sobre prácticas de evaluación de docentes universitarios del área contable |
| 700 1# - ADDED ENTRY--PERSONAL NAME | |
| Personal name | Tellechea, Pamela |
| 700 1# - ADDED ENTRY--PERSONAL NAME | |
| Personal name | Fonseca, Diana Luján |
| 700 1# - ADDED ENTRY--PERSONAL NAME | |
| Personal name | Tavella, Laura |
| 700 1# - ADDED ENTRY--PERSONAL NAME | |
| Personal name | Büechele, Gisela |
| 700 1# - ADDED ENTRY--PERSONAL NAME | |
| Personal name | Fernández Lorenzo, Liliana Edith |
| 773 0# - HOST ITEM ENTRY | |
| Title | Escritos contables y de administración |
| Related parts | - Vol. 6, Nº 2 (jul./dic. 2015) |
| Record control number | REV2758 |
No hay ítems disponibles.